| 000 | 00904nam a22002897a 4500 | ||
|---|---|---|---|
| 003 | CHAP | ||
| 005 | 20220329133538.0 | ||
| 008 | 971013s1992 r 00010 d | ||
| 010 | _a7672 | ||
| 011 | _a8644 | ||
| 035 | _a7873 | ||
| 040 | _cCHAP | ||
| 090 | _aFolleto 14014 | ||
| 110 |
_aE.U.A. Department of Agriculture _934876 |
||
| 245 |
_aEvaluation of new canal point sugarcane clones _b: 1991-92 harvest season |
||
| 260 |
_aWashington, D. C. : _bDepartment of Agriculture, _c1992 |
||
| 300 | _a24 p. | ||
| 590 |
_aBATCH-UPD _b10 _c20130110 _lUCH01 _h1518 |
||
| 590 |
_aBATCH-UPD _b10 _c20130410 _lUCH01 _h0932 |
||
| 590 |
_aBATCH-UPD _b10 _c20130914 _lUCH01 _h0834 |
||
| 590 |
_aCONVERSION _b10 _c20130109 _lUCH01 _h1305 |
||
| 650 | 1 | 4 |
_aCaña de azúcar _xPropagación. _918640 |
| 650 | 1 | 4 |
_aClones. _923894 |
| 901 | _aBK | ||
| 942 | _cFOLL | ||
| 949 |
_aFolleto 14014 _bBC _cFOLL _d-17778 _eTS1 _i7873 _si |
||
| 999 |
_c7672 _d7672 |
||